Les courses World Tour - Cyclisme - Statistiques

Statistiques générales
  • Ce quiz a été pris 2 892 fois
  • Le résultat moyen est 15 sur 27
Statistiques - réponses
Dates Courses % Correct
02/07 - 24/07 Tour de France
97%
20/08 - 11/09 Tour d'Espagne
96%
06/05 - 29/05 Tour d'Italie
96%
10/04 Paris-Roubaix
94%
06/03 - 13/03 Paris-Nice
86%
19/03 Milan-San Remo
82%
03/04 Tour des Flandres
82%
05/06 - 12/06 Critérium du Dauphiné
79%
24/04 Liège-Bastogne-Liège
78%
01/10 Tour de Lombardie
76%
11/06 - 19/06 Tour de Suisse
71%
17/04 Amstel Gold Race
60%
09/03 - 15/03 Tirreno-Adriatico
57%
19/01 - 24/01 Tour Down Under
56%
26/04 - 01/05 Tour de Romandie
55%
21/03 - 27/03 Tour de Catalogne
52%
12/07 - 18/07 Tour de Pologne
48%
04/04 - 09/04 Tour du Pays Basque
47%
30/07 Classica San Sebastian
45%
27/03 Gand - Wevelgem
33%
11/09 GP de Montréal
33%
09/09 GP de Québec
33%
20/04 La Flèche Wallonne
28%
28/08 GP de Ouest France Plouay
18%
25/03 GP E3 Harelbeke
17%
19/09 - 25/09 Tour du Benelux
17%
21/08 Vattenfall Cyclassics
10%
Aucun quiz correspondant
Distribution des résultats
% des personnes avec chaque résultat
Percentile par nombre de réponses
Votre historique - résultats
Vous n’avez pas pris ce quiz